<?xml version="1.0" encoding="UTF-8"?><?xml-stylesheet type="text/xsl" href="static/style.xsl"?><OAI-PMH xmlns="http://www.openarchives.org/OAI/2.0/" xmlns:xsi="http://www.w3.org/2001/XMLSchema-instance" xsi:schemaLocation="http://www.openarchives.org/OAI/2.0/ http://www.openarchives.org/OAI/2.0/OAI-PMH.xsd"><responseDate>2026-06-01T08:49:28Z</responseDate><request verb="GetRecord" identifier="oai:riuma.uma.es:10630/17739" metadataPrefix="marc">https://riuma.uma.es/rest/oai/request</request><GetRecord><record><header><identifier>oai:riuma.uma.es:10630/17739</identifier><datestamp>2026-02-03T12:03:05Z</datestamp><setSpec>com_10630_2254</setSpec><setSpec>col_10630_37959</setSpec></header><metadata><record xmlns="http://www.loc.gov/MARC21/slim" xmlns:dcterms="http://purl.org/dc/terms/" xmlns:doc="http://www.lyncode.com/xoai" xmlns:xsi="http://www.w3.org/2001/XMLSchema-instance" xsi:schemaLocation="http://www.loc.gov/MARC21/slim http://www.loc.gov/standards/marcxml/schema/MARC21slim.xsd">
   <leader>00925njm 22002777a 4500</leader>
   <datafield ind2=" " ind1=" " tag="042">
      <subfield code="a">dc</subfield>
   </datafield>
   <datafield ind2=" " ind1=" " tag="720">
      <subfield code="a">García-Mesa, Juan Carlos</subfield>
      <subfield code="e">author</subfield>
   </datafield>
   <datafield ind2=" " ind1=" " tag="720">
      <subfield code="a">Montoro-Leal, Pablo</subfield>
      <subfield code="e">author</subfield>
   </datafield>
   <datafield ind2=" " ind1=" " tag="720">
      <subfield code="a">Vereda-Alonso, Elisa Isabel</subfield>
      <subfield code="e">author</subfield>
   </datafield>
   <datafield ind2=" " ind1=" " tag="720">
      <subfield code="a">López-Guerrero, María del Mar</subfield>
      <subfield code="e">author</subfield>
   </datafield>
   <datafield ind2=" " ind1=" " tag="720">
      <subfield code="a">Siles-Cordero, María Teresa</subfield>
      <subfield code="e">author</subfield>
   </datafield>
   <datafield ind2=" " ind1=" " tag="720">
      <subfield code="a">García-de-Torres, Amparo</subfield>
      <subfield code="e">author</subfield>
   </datafield>
   <datafield ind2=" " ind1=" " tag="720">
      <subfield code="a">Cano-Pavón, José Manuel</subfield>
      <subfield code="e">author</subfield>
   </datafield>
   <datafield ind2=" " ind1=" " tag="260">
      <subfield code="c">2019-05-29</subfield>
   </datafield>
   <datafield ind2=" " ind1=" " tag="520">
      <subfield code="a">The application of nanoparticles (NPs) in science and technology is a fast growing field. Therefore, reliable and straightforward analytical methods are required for their fast determination in different types of samples. In this work, a method that enables the determination of the average size of ZnO NPs, besides their concentration, discriminating them from ionic zinc, has been optimized. The method is based on solid sampling high-resolution continuum source electrothermal atomic absorption spectrometry (SS-HR-CS-GFAAS), and has been applied to determination and characterization of ZnO NPs in cosmetic samples. &#xd;
&#xd;
Recently, graphite furnace atomic absorption spectrometry has been introduced as a new tool to determine the size of nanoparticles by evaluation of the following parameters: atomization delay (tad) and atomization rate (kat). In this work both parameters (besides peak area) have been obtained from absorbance signals for a line of Zn with low sensitivity. Two multiple response surface designs have been used in order to optimize the adequate furnace program to achieve our aims. All the optimization experiments were performed using baby´s skin irritation protective cream. The optimized furnace program is shown in Table 1.&#xd;
&#xd;
Table 1. Optimized furnace program&#xd;
The size calibrations were performed against solid (powered) ZnO standards, from 50-nm to 500-nm sized nanoparticles. The correlation coefficients (R value) of the linear calibration were not worse than 0.9982. The optimized method was tested in other types of cosmetic samples such as eyeshadow samples with good results. The determination of the MNPs’ size was validated by transmission electron microscopy (TEM) and the Zn concentration in the solid samples was validated by atomic fluorescence spectroscopy (AFS).&#xd;
&#xd;
&#xd;
Acknowledgements (optional) [Garamond font, 10 points]&#xd;
The authors would like to thank Plan propio “Proyecto Puente” de la Universidad de Málaga for financial support of this work.</subfield>
   </datafield>
   <datafield ind1="8" ind2=" " tag="024">
      <subfield code="a">https://hdl.handle.net/10630/17739</subfield>
   </datafield>
   <datafield tag="653" ind2=" " ind1=" ">
      <subfield code="a">Espectrometría de absorción atómica</subfield>
   </datafield>
   <datafield tag="653" ind2=" " ind1=" ">
      <subfield code="a">Nanoparticulas</subfield>
   </datafield>
   <datafield ind2="0" ind1="0" tag="245">
      <subfield code="a">Solid sampling determination of ZnO nanoparticles in eyeshadows by graphite furnace atomic absorption spectrometry</subfield>
   </datafield>
</record>
</metadata></record></GetRecord></OAI-PMH>